000 00721nam a2200229 4500
003 CBULib
005 20250717123846.0
008 250717b |||||||| |||| 00| 0 eng d
040 _aCBULib
_bEnglish
_cCBULib
_erda
041 _aeng
050 _aCBU-LIB(02)1998/3
110 _aThe Copperbelt University Library(CBU-LIB)
245 _aA guide to the preparation of theses, etc.
_c/ by The Copperbelt University Library(CBU-LIB)
260 _aKitwe :
_bCopperbelt University,
_c1998.
300 _a11 pages
336 _2rdacontent
_aText |
_btxt
337 _2rdamedia
_aUnmediated |
_bn
338 _2rdacarrier
_aVolume
_bnc
700 _94689
_aChitwamali, E.M.
700 _94690
_aChelemu, G.
942 _2mc
_c030
999 _c86300
_d86300